| 000 | 03087nam0a2200409 4500 | ||
|---|---|---|---|
| 001 | RU\NLR\BIBL_A\022730126 | ||
| 005 | 20260426080629.0 | ||
| 010 |
_a978-5-7679-5669-2 _9100 |
||
| 021 |
_aRU _bКН-П-25-079934 _9КН-П-25-7750 |
||
| 035 | _a(NLR Aleph) 022730126 | ||
| 090 |
_a13696706 _c13696706 |
||
| 100 | _a20260217d2025 k y0rusy50 ca | ||
| 101 | 0 |
_arus _deng |
|
| 102 | _aRU | ||
| 105 | _aac z 000yy | ||
| 181 | 0 |
_ai3 _baxxe |
|
| 182 | 0 | _an | |
| 200 | 1 |
_aДизайн XXI века _eIX Всероссийская заочная научно-практическая интернет-конференция с международным участием, 14-20 апреля 2025 г. _fМинистерство науки и высшего образования Российской Федерации, Федеральное государственное бюджетное образовательное учреждение высшего образования "Тульский государственный университет", Институт горного дела и строительства, Кафедра "Городское строительство, архитектура и дизайн" _gредакционный совет: д-р техн. наук, доц. К. А. Головин [и др.] |
|
| 203 |
_aТекст _bвизуальный _cнепосредственный |
||
| 210 |
_aТула _cИзд-во ТулГУ _d2025 |
||
| 215 |
_a279 с. _cил., портр. _d20 |
||
| 300 | _aНа обл. парал. загл. на англ. яз.: Design of XXI century: IX Russian national scientific and practical internet-conference with international participation | ||
| 300 | _aРез. на англ. яз. | ||
| 320 | _aБиблиогр. в конце ст. | ||
| 512 | 1 |
_aDesign of XXI century _eIX Russian national scientific and practical internet-conference with international participation |
|
| 606 | 1 |
_aХудожественное конструирование _jСъезды, совещания и т.п _z21 в. _92592461 _3RU\NLR\AUTH\661531962 |
|
| 606 | 1 |
_aИскусство _jСъезды, совещания и т.п _9934834 _3RU\NLR\AUTH\6626297 |
|
| 686 | 1 | _aЩ129.3(0)65я431 | |
| 686 | 1 | _aЩ,0я431 | |
| 702 | 1 |
_aГоловин _bК. А. _gКонстантин Александрович _4340 |
|
| 711 | 1 | 2 |
_a"Дизайн XXI века", всероссийская заочная научно-практическая интернет-конференция с международным участием _d9 _eТула _f2025 _92698903 _3RU\NLR\AUTH\880639377 |
| 712 | 0 | 2 |
_4570 _aТульский государственный университет _bИнститут горного дела и строительства _bКафедра "Городское строительство, архитектура и дизайн" _92698905 _3RU\NLR\AUTH\880639379 |
| 942 | _cBOOK | ||
| 980 | _aNB | ||